Statistics for All Time Sport Champions

Click here to take the quiz!

General Stats

  • This quiz has been taken 46 times
    (15 since last reset)
  • The average score is 318 of 350

Answer Stats

Team% Correct
Baltimore Ravens
100%
Boston Celtics
100%
Boston Red Sox
100%
Chicago Bears
100%
Chicago Bulls
100%
Cincinnati Reds
100%
Cleveland Cavaliers
100%
Minneapolis Lakers
100%
Golden State Warriors
100%
Houston Rockets
100%
Los Angeles Lakers
100%
Minneapolis Lakers
100%
New England Patriots
100%
New York Yankees
100%
Philadelphia Flyers
100%
Philadelphia Warriors
100%
San Antonio Spurs
100%
Boston Bruins
92%
Brooklyn Dodgers
92%
Chicago Black Hawks
92%
Chicago Blackhawks
92%
Chicago White Sox
92%
Colorado Avalanche
92%
Colorado Avlaanche
92%
Dallas Cowboys
92%
Denver Broncos
92%
Detroit Pistons
92%
Detroit Red Wings
92%
Oakland Athletics
92%
Pittsburgh Penguins
92%
Edmonton Oilers
92%
Indianapolis Colts
92%
Los Angeles Dodgers
92%
Los Angeles Raiders
92%
Los Angeles Rams
92%
Miami Heat
92%
Milwaukee Bucks
92%
Montreal Canadiens
92%
New York Giants
92%
New York Islanders
92%
New York Mets
92%
New York Rangers
92%
Oakland Athletics
92%
Oakland Raiders
92%
Philadelphia Athletics
92%
Philadelphia Eagles
92%
Pittsburgh Penguins
92%
Pittsburgh Penguiuns
92%
Pittsburgh Steelers
92%
San Francisco Giants
92%
Seattle Seahawks
92%
Seattle Supersonics
92%
St. Louis Blues
92%
St. Louis Cardinals
92%
St. Louis Rams
92%
Tampa Bay Buccaneers
92%
Toronto Raptors
92%
Atlanta Braves
85%
Boston Braves
85%
Carolina Hurricanes
85%
Chicago Cubs
85%
Dallas Mavericks
85%
Detroit Tigers
85%
Florida Marlins
85%
Green Bay Packers
85%
Houston Astros
85%
Kansas City Chiefs
85%
Kansas City Royals
85%
Los Angeles Kings
85%
Miami Dolphins
85%
Milwaukee Braves
85%
Minnesota Twins
85%
New Orleans Saints
85%
New York Jets
85%
Philadelphia 76ers
85%
Philadelphia Phillies
85%
Pittsburgh Pirates
85%
Rochester Royals
85%
Syracuse Nationals
85%
Tampa Bay Lightning
85%
Toronto Blue Jays
85%
Toronto Maple Leafs
85%
Washington Capitals
85%
Washington Nationals
85%
Anaheim Angels
77%
Anaheim Ducks
77%
Baltimore Bullets
77%
Calgary Flames
77%
New England Patriots
77%
New Jersey Devils
77%
San Francisco 49ers
77%
Washington Bullets
77%
Washington Redskins
77%
Arizona Diamondbacks
69%
Baltimore Orioles
69%
Dallas Stars
69%
New York Knicks
69%
Ottawa Senators
69%
Cleveland Indians
62%
Portland Trailblazers
62%
St. Louis Hawks
62%
Washington Senators
62%
Montreal Maroons
46%
Toronto St. Patricks
38%
Toronto Arenas
23%

Score Distribution

Percentile by Number Answered

Percent of People with Each Score

Your Score History

You have not taken this quiz since the last reset